Prístupy k meraniu finančnej výkonnosti podniku
V súčasnosti je možné sa stretnúť s početnými metódami a spôsobmi na meranie výkonnosti podniku. Metódy zamerané na tvorbu hodnoty sú zamerané predovšetkým na finančnú výkonnosť a kombinujú tri hlavné finančné charakteristiky podniku: vyprodukované operatívne peňažné toky, kapitál nevyhnutný na gene...
Guardado en:
| Autor principal: | |
|---|---|
| Otros Autores: | , |
| Formato: | Capítulo de libro |
| Lenguaje: | eslovaco |
| Materias: | |
| Etiquetas: |
Sin Etiquetas, Sea el primero en etiquetar este registro!
|
MARC
| LEADER | 00000naa$a2200000$$$4500 | ||
|---|---|---|---|
| 001 | 0210162 | ||
| 005 | 20240502073510.6 | ||
| 041 | 0 | |a slo | |
| 044 | |a SK | ||
| 245 | 1 | 0 | |a Prístupy k meraniu finančnej výkonnosti podniku |c Eduard Hyránek, Ladislav Nagy, Michal Grell |
| 520 | |a V súčasnosti je možné sa stretnúť s početnými metódami a spôsobmi na meranie výkonnosti podniku. Metódy zamerané na tvorbu hodnoty sú zamerané predovšetkým na finančnú výkonnosť a kombinujú tri hlavné finančné charakteristiky podniku: vyprodukované operatívne peňažné toky, kapitál nevyhnutný na generáciu peňažných tokov a náklady na vložený kapitál. Oproti tradičným ukazovateľom výnosnosti, ako je rentabilita aktív (ROA), rentabilita vlastného kapitálu (ROE), vychádzajú zo základnej podnikateľskej, resp. hospodárskej činnosti, návratnosť hodnotia v kontexte nákladov kapitálu a snažia sa vyhnúť skresleniu účtovného výkazníctva. | ||
| 610 | 2 | 0 | |a výkonnosť podniku |
| 610 | 2 | 0 | |a financie podnikové |
| 610 | 2 | 0 | |a hodnota pridaná ekonomická |
| 610 | 2 | 0 | |a ukazovateľ EVA |
| 610 | 2 | 0 | |a aktíva |
| 610 | 2 | 0 | |a výnosnosť |
| 610 | 2 | 0 | |a cash flow |
| 610 | 2 | 0 | |a rentabilita |
| 610 | 2 | 0 | |a investície |
| 100 | 1 | |a Hyránek, Eduard, 1955- | |
| 700 | 1 | |a Nagy, Ladislav | |
| 700 | 1 | |a Grell, Michal | |